| 000 | 00369nam a2200157Ia 4500 | ||
|---|---|---|---|
| 008 | 210210b1939 xxu||||| |||| 00| 0 eng d | ||
| 041 | _aeng | ||
| 082 | _a824/179 | ||
| 100 | _aKNIGHT (G W) | ||
| 245 | _aImperical theme | ||
| 260 |
_aLondon _bOxford University Press _c1939 |
||
| 650 | _atheme | ||
| 650 | _aImperical | ||
| 690 | _aEnglish Prose | ||
| 906 | _a014132 | ||
| 999 |
_c133230 _d133230 |
||